Racionalizácia v cestnej nákladnej doprave zborník prednášok z 1. celoštátnej konferencie o racionalizácii v cestnej doprave : Ostrava 15.-17.4.1980
Salvato in:
| Natura: | Libro |
|---|---|
| Lingua: | slovacco |
| Pubblicazione: |
Žilina
Dom techniky ČSVTS
1980
|
| Tags: |
Nessun Tag, puoi essere il primo ad aggiungerne!!
|
MARC
| LEADER | 00000nam a2200000 4500 | ||
|---|---|---|---|
| 001 | 0214806 | ||
| 005 | 20181203151455.4 | ||
| 041 | 0 | |a slo | |
| 044 | |a SK | ||
| 245 | 1 | 0 | |a Racionalizácia v cestnej nákladnej doprave |b zborník prednášok z 1. celoštátnej konferencie o racionalizácii v cestnej doprave : Ostrava 15.-17.4.1980 |
| 264 | 1 | |a Žilina |b Dom techniky ČSVTS |c 1980 | |
| 300 | |a 289 s. | ||